[Event "Bronshoj Mesterskabet 2024"]
[Site "Bronshoj"]
[Date "2024.04.18"]
[Round "5"]
[White "Nielsen, John Holm"]
[Black "Eriksson, Rune"]
[Result "1/2-1/2"]
[WhiteElo "2015"]
[BlackElo "1993"]
[WhiteFideId "1406256"]
[BlackFideId "1473573"]
[EventDate "2024.03.27"]
[EventType "tourn"]
[EventRounds "9"]
[EventCountry "DEN"]
[SourceTitle "Bronshoj Skakforening"]

1. Nc3 Nf6 2. e4 d6 3. Nf3 g6 4. d4 c6 5. h3 Bg7 6. Be3 O-O 7. Be2 Qc7 8. O-O
Nbd7 9. Qd2 b5 10. a3 a6 11. Bh6 e5 12. Bxg7 Kxg7 13. Rad1 Re8 14. dxe5 dxe5
15. Qd6 Ra7 16. Rfe1 Qxd6 17. Rxd6 Rc7 18. Nd2 Nc5 19. b4 Nb7 20. Rd3 Be6 21.
Rd1 Nd7 22. Nf1 Nb6 23. Ne3 f6 24. Bg4 Bf7 25. Be2 Kf8 26. f3 Ke7 27. Kf2 Rd8
28. a4 Nd6 29. a5 Nbc4 30. Nxc4 Bxc4 31. R3d2 Be6 32. Nb1 Rcd7 33. Ke1 f5 34.
Nc3 f4 35. Nb1 g5 36. Kf2 h5 37. Nc3 Kf6 38. Nb1 g4 39. hxg4 hxg4 40. Ke1 g3
41. Bf1 Ke7 42. Na3 Rh8 43. c4 Rh1 44. c5 Nf7 45. Rxd7+ Bxd7 46. Kd2 Kd8 47.
Be2 Rh2 48. Rg1 Ke7 49. Nc2 Be6 50. Kc3 Nd8 51. Ne1 Kf6 52. Bf1 Rh7 53. Bd3 Rd7
54. Rh1 Nf7 55. Nc2 Bb3 56. Ne1 Be6 57. Rh7 Rd8 58. Rh1 Rh8 59. Rxh8  1/2-1/2

[Event "Bronshoj Mesterskabet 2024"]
[Site "Bronshoj"]
[Date "2024.04.18"]
[Round "5"]
[White "Nielsen, Thomas"]
[Black "Jensen, Thore Nyboe"]
[Result "1-0"]
[WhiteElo "1941"]
[BlackElo "2015"]
[WhiteFideId "1407147"]
[BlackFideId "1405349"]
[EventDate "2024.03.27"]
[EventType "tourn"]
[EventRounds "9"]
[EventCountry "DEN"]
[SourceTitle "Bronshoj Skakforening"]

1. d4 Nf6 2. c4 e6 3. Nc3 d5 4. Bg5 Be7 5. Nf3 O-O 6. e3 b6 7. cxd5 Nxd5 8.
Bxe7 Qxe7 9. e4 Nxc3 10. bxc3 c5 11. Bd3 Nc6 12. O-O cxd4 13. cxd4 Bb7 14. Rc1
Rac8 15. Bb1 Rfd8 16. Qd3 g6 17. Qe3 Rd7 18. Rfd1 Rcd8 19. h4 f6 20. a3 Kg7 21.
Rd3 b5 22. h5 gxh5 23. Rc5 Qf7 24. e5 f5 25. d5 Rxd5 26. Rdxd5 Rxd5 27. Rxd5
exd5 28. e6 Qf6 29. Bd3 d4 30. Qf4 Ne7 31. Nxd4 Bd5 32. Bxf5 a6 33. g3 Ng6   1-0

[Event "Bronshoj Mesterskabet 2024"]
[Site "Bronshoj"]
[Date "2024.04.18"]
[Round "5"]
[White "Petersen, Nils"]
[Black "Nielsen Refs, Karl Emil Elmer"]
[Result "0-1"]
[WhiteElo "1941"]
[BlackElo "2067"]
[WhiteFideId "1403346"]
[BlackFideId "1452797"]
[EventDate "2024.03.27"]
[EventType "tourn"]
[EventRounds "9"]
[EventCountry "DEN"]
[SourceTitle "Bronshoj Skakforening"]

1. c4 e5 2. g3 Nf6 3. Bg2 c6 4. d4 e4 5. Nc3 d5 6. Bg5 Be7 7. e3 O-O 8. Nge2
Nbd7 9. cxd5 cxd5 10. O-O h6 11. Bxf6 Nxf6 12. Nf4 Qd6 13. Qb3 Rd8 14. Rfc1 g5
15. Nb5 Qb6 16. Ne2 Bg4 17. Nbc3 Qe6 18. Qd1 h5 19. Qf1 Bf3 20. Kh1 h4 21. gxh4
g4 22. Bxf3 gxf3 23. Nf4 Qf5 24. Qh3 Qxh3 25. Nxh3 Ng4 26. h5 Kh7 27. Nd1 Bd6
28. Ng5+ Kg7 29. h3 Nf6 30. Nc3 Rh8 31. Rg1 Kf8 32. Nxd5 Nxd5 33. Nxe4 Rxh5 34.
Rg5 Rxh3+ 35. Kg1 Ke7 36. Nxd6 Kxd6 37. Rc1 Rah8 38. Kf1 Rh1+ 39. Rg1 Nf6 40.
Rc5 Ne4 41. Rf5 R8h2 42. Rxf3 Nd2+  0-1

[Event "Bronshoj Mesterskabet 2024"]
[Site "Bronshoj"]
[Date "2024.04.25"]
[Round "6"]
[White "Jarlskov, Daniel Tuk Hartso"]
[Black "Nielsen, Thomas"]
[Result "1/2-1/2"]
[WhiteElo "2130"]
[BlackElo "1941"]
[WhiteFideId "1463896"]
[BlackFideId "1407147"]
[EventDate "2024.03.27"]
[EventType "tourn"]
[EventRounds "9"]
[EventCountry "DEN"]
[SourceTitle "Bronshoj Skakforening"]

1. d4 Nf6 2. c4 e5 3. dxe5 Ng4 4. Nf3 Nc6 5. e3 f6 6. exf6 Qxf6 7. Be2 Bb4+ 8.
Nbd2 O-O 9. O-O d5 10. cxd5 Nce5 11. Ne4 Qh6 12. h3 Nxf3+ 13. Bxf3 Ne5 14. Bg4
Bxg4 15. hxg4 Qh4 16. f3 Rae8 17. Nc3 Bd6 18. Qe2 Nxg4 19. g3 Qxg3+ 20. Qg2
Qxg2+ 21. Kxg2 Nxe3+ 22. Bxe3 Rxe3 23. Ne4 Be5 24. Rf2 Bd4 25. Rd2 Bb6 26. Rf1
Rf5 27. b4 a5 28. d6 cxd6 29. Rxd6 Re2+ 30. Kh3 Bc7 31. Rd7 Rh2+ 32. Kg4 Rf4+
33. Kg3 Rxe4+ 34. Rxc7 Ree2 35. bxa5 Rxa2 36. Rxb7 Rhg2+ 37. Kh3 Rg6 38. Rc1 h6
39. Rb6 Rg5 40. a6 Ra3 41. Kh2 Kh7 42. Rc8 Rga5 43. Kg2 Rxa6 44. Rxa6 Rxa6 45.
Rc7 Rf6 46. Kg3 h5 47. Rc8 Kg6 48. Rc5 Rf5 49. Rc6+ Kg5 50. Ra6 h4+ 51. Kg2 g6
52. Ra8 Rf4 53. Ra5+ Kh6 54. Ra6 Rf5 55. Ra4 g5 56. Ra6+ Kg7 57. Ra7+ Kf6 58.
Ra6+ Ke5 59. Ra5+ Kf6 60. Ra6+ Kg7 61. Ra7+ Kg6 62. Ra6+ Kh5 63. Ra8 Rb5 64.
Ra6 Rb2+ 65. Kh3 Rf2 66. Rf6 Ra2 67. Rb6 Ra3 68. Kg2 h3+ 69. Kxh3 Rxf3+ 70. Kg2
Ra3 71. Rb4 g4 72. Rb8 Kg5 73. Rg8+ Kf5 74. Rf8+ Ke4 75. Rg8 Kf4 76. Rf8+ Ke4
77. Rg8 g3 78. Rxg3 Rxg3+ 79. Kxg3  1/2-1/2

[Event "Bronshoj Mesterskabet 2024"]
[Site "Bronshoj"]
[Date "2024.04.25"]
[Round "6"]
[White "Steenstrup, Svend"]
[Black "Petersen, Steen Brustrup"]
[Result "0-1"]
[WhiteElo "1959"]
[BlackElo "2091"]
[WhiteFideId "1409182"]
[BlackFideId "1402706"]
[EventDate "2024.03.27"]
[EventType "tourn"]
[EventRounds "9"]
[EventCountry "DEN"]
[SourceTitle "Bronshoj Skakforening"]

1. d4 Nf6 2. c4 g6 3. Nc3 Bg7 4. e4 d6 5. h3 O-O 6. Be3 e5 7. d5 a5 8. Nge2 Na6
9. g4 Nc5 10. Ng3 Ne8 11. Qd2 f5 12. exf5 gxf5 13. Bg5 Bf6 14. Bh6 Bg7 15. Bg5
Bf6 16. Bh6 Rf7 17. gxf5 Bh4 18. Nce4 Nxe4 19. Nxe4 Bxf5 20. Rg1+ Kh8 21. Bg5
Bxg5 22. Nxg5 Rg7 23. O-O-O Qe7 24. Be2 Nf6 25. Qe3 c6 26. Qf3 Bd7 27. Ne4 Nxe4
28. Rxg7 Qxg7 29. Qxe4 Rf8 30. dxc6 Bxc6 31. Qg4 Rxf2 32. Rxd6 Qxg4 33. Bxg4
Kg7 34. Re6 e4 35. Re7+ Kf6 36. Re6+ Kg5 37. Re5+ Kf4 38. Rf5+ Ke3 39. Rh5 Kd4
40. Rxh7 e3 41. Rh4 Kd3  0-1

[Event "Bronshoj Mesterskabet 2024"]
[Site "Bronshoj"]
[Date "2024.04.25"]
[Round "6"]
[White "Nielsen, John Holm"]
[Black "Tandrup, Michael"]
[Result "1/2-1/2"]
[WhiteElo "2015"]
[BlackElo "1924"]
[WhiteFideId "1406256"]
[BlackFideId "1408356"]
[EventDate "2024.03.27"]
[EventType "tourn"]
[EventRounds "9"]
[EventCountry "DEN"]
[SourceTitle "Bronshoj Skakforening"]

1. Nc3 c5 2. Nf3 Nc6 3. d4 cxd4 4. Nxd4 Nf6 5. e4 e5 6. Ndb5 d6 7. Bg5 a6 8.
Na3 b5 9. Nd5 Be7 10. Bxf6 Bxf6 11. c3 Bg5 12. Nc2 O-O 13. Be2 Be6 14. O-O Ne7
15. Nce3 Bxe3 16. Nxe3 d5 17. Nxd5 Nxd5  1/2-1/2

[Event "Bronshoj Mesterskabet 2024"]
[Site "Bronshoj"]
[Date "2024.04.25"]
[Round "6"]
[White "Jensen, Thore Nyboe"]
[Black "Petersen, Nils"]
[Result "1/2-1/2"]
[WhiteElo "2015"]
[BlackElo "1941"]
[WhiteFideId "1405349"]
[BlackFideId "1403346"]
[EventDate "2024.03.27"]
[EventType "tourn"]
[EventRounds "9"]
[EventCountry "DEN"]
[SourceTitle "Bronshoj Skakforening"]

1. d4 Nf6 2. Nf3 e6 3. c4 Bb4+ 4. Nc3 c5 5. Qc2 cxd4 6. Nxd4 Nc6 7. e3 d5 8. a3
Bxc3+ 9. Qxc3 O-O 10. Nxc6 bxc6 11. b4 a5 12. Bb2 axb4 13. axb4 Rxa1+ 14. Bxa1
Re8 15. Bd3 e5 16. O-O dxc4 17. Bxc4 Qb6 18. Rd1 Be6 19. Bxe6 Rxe6 20. Qc5 Qxc5
21. bxc5 Ne8 22. e4 f6 23. Bc3 Nc7 24. Ba5 Nb5 25. Rd8+ Kf7 26. f3 Re8 27. Rxe8
Kxe8  1/2-1/2

[Event "Bronshoj Mesterskabet 2024"]
[Site "Bronshoj"]
[Date "2024.04.25"]
[Round "6"]
[White "Eriksson, Rune"]
[Black "Nielsen Refs, Karl Emil Elmer"]
[Result "0-1"]
[WhiteElo "1993"]
[BlackElo "2067"]
[WhiteFideId "1473573"]
[BlackFideId "1452797"]
[EventDate "2024.03.27"]
[EventType "tourn"]
[EventRounds "9"]
[EventCountry "DEN"]
[SourceTitle "Bronshoj Skakforening"]

1. d4 Nf6 2. g3 c5 3. e3 cxd4 4. exd4 d5 5. Bg2 Bg4 6. f3 Bf5 7. c3 h5 8. Ne2
e6 9. O-O Bd6 10. Bf4 Nc6 11. Qb3 Bd3 12. Re1 h4 13. Bxd6 Qxd6 14. Nf4 Bc4 15.
Qa3 Qxa3 16. Nxa3 hxg3 17. hxg3 g5 18. Ne2 Bxe2 19. Rxe2 Ke7 20. Kf2 Ne8 21.
Nc2 Nd6 22. Ne3 Kf6 23. Rh1 Rxh1 24. Bxh1 b5 25. f4 gxf4 26. gxf4 Rh8 27. Bf3
b4 28. Rd2 bxc3 29. bxc3 Na5 30. Kg3 Nac4 31. Nxc4 Nxc4 32. Re2 Nd6 33. Rh2
Rxh2 34. Kxh2 Nb5 35. c4 Nxd4  0-1

[Event "Bronshoj Mesterskabet 2024"]
[Site "Bronshoj"]
[Date "2024.05.16"]
[Round "7"]
[White "Petersen, Nils"]
[Black "Jarlskov, Daniel Tuk Hartso"]
[Result "0-1"]
[WhiteElo "1941"]
[BlackElo "2130"]
[WhiteFideId "1403346"]
[BlackFideId "1463896"]
[EventDate "2024.03.27"]
[EventType "tourn"]
[EventRounds "9"]
[EventCountry "DEN"]
[SourceTitle "Bronshoj Skakforening"]

1. c4 Nf6 2. g3 e6 3. Bg2 d5 4. Nf3 Be7 5. O-O O-O 6. b3 c5 7. e3 Nc6 8. Bb2 d4
9. exd4 cxd4 10. Re1 Re8 11. d3 Bc5 12. Nbd2 e5 13. a3 a5 14. Ng5 Ba7 15. Nge4
Nxe4 16. Bxe4 Qd6 17. Qf3 f5 18. Bd5+ Kh8 19. Qh5 Be6 20. Bxe6 Qxe6 21. f4 Qf6
22. Kh1 Re7 23. Re2 exf4 24. gxf4 Rxe2 25. Qxe2 Qd6 26. Re1 h6 27. Qf2 Rd8 28.
Bc1 Bc5 29. Nf3 Bxa3 30. Ne5 Nxe5 31. fxe5 Qc6+ 32. Qg2 Bxc1 33. Qxc6 bxc6 34.
Rxc1 Re8 35. Re1 Re6 36. Kg2 g5 37. Kf3 Kg7 38. h4 Kf7 39. hxg5 hxg5 40. Rg1
Kg6 41. Re1 Re8 42. Kg3 Rb8 43. e6 Kf6 44. e7 Re8 45. Ra1 Rxe7 46. Rxa5 Re3+
47. Kf2 Rxd3 48. b4 Rb3 49. Ke2 g4 50. Rc5 Re3+ 51. Kd2 Re6 52. b5 cxb5 53.
Rxb5 g3 54. Kd3 g2 55. Rb1 f4  0-1

[Event "Bronshoj Mesterskabet 2024"]
[Site "Bronshoj"]
[Date "2024.05.16"]
[Round "7"]
[White "Nielsen, Thomas"]
[Black "Steenstrup, Svend"]
[Result "1/2-1/2"]
[WhiteElo "1941"]
[BlackElo "1959"]
[WhiteFideId "1407147"]
[BlackFideId "1409182"]
[EventDate "2024.03.27"]
[EventType "tourn"]
[EventRounds "9"]
[EventCountry "DEN"]
[SourceTitle "Bronshoj Skakforening"]

1. d4 d5 2. c4 e6 3. Nc3 c5 4. Nf3 Nc6 5. cxd5 exd5 6. g3 Nf6 7. Bg2 cxd4 8.
Nxd4 Bc5 9. Nxc6 bxc6 10. O-O O-O 11. Na4 Bd6 12. Be3 Re8 13. Rc1 Ng4 14. Bc5
Ba6 15. Re1 Qf6 16. Bf3 Ne5 17. Bg2 Rad8 18. Bxa7 Bb4 19. Rf1 Nc4 20. Bd4 Qe7
21. a3 Bd6 22. Re1 c5 23. Nxc5 Bxc5 24. Bxc5 Qxc5 25. b3 Qa5 26. bxc4 dxc4 27.
Qc2 Rd7 28. Qc3 Qxc3 29. Rxc3 Rb8 30. Bf3 Rd2 31. Rec1 Rb3 32. Kf1 Ra2 33. Bd5
Raxa3 34. R3c2 g6  1/2-1/2

[Event "Bronshoj Mesterskabet 2024"]
[Site "Bronshoj"]
[Date "2024.05.16"]
[Round "7"]
[White "Petersen, Steen Brustrup"]
[Black "Nielsen, John Holm"]
[Result "1-0"]
[WhiteElo "2091"]
[BlackElo "2015"]
[WhiteFideId "1402706"]
[BlackFideId "1406256"]
[EventDate "2024.03.27"]
[EventType "tourn"]
[EventRounds "9"]
[EventCountry "DEN"]
[SourceTitle "Bronshoj Skakforening"]

1. Nf3 Nf6 2. c4 c5 3. Nc3 Nc6 4. g3 d5 5. cxd5 Nxd5 6. Bg2 Nc7 7. O-O e5 8. d3
Be7 9. Be3 Bd7 10. Nd2 O-O 11. a4 Rb8 12. Nc4 f6 13. f4 Be6 14. f5 Bf7 15. g4
Nd5 16. Bd2 Nxc3 17. bxc3 Qc7 18. Ne3 Rfd8 19. c4 Nb4 20. Be4 Rd7 21. Qe1 Rbd8
22. Bc3 b6 23. Qg3 Qc8 24. g5 fxg5 25. f6 gxf6 26. Ng4 Kg7 27. Bxe5 Bg6 28.
Nxf6 h6 29. Ng4+ Kh7 30. Rf7+  1-0

[Event "Bronshoj Mesterskabet 2024"]
[Site "Bronshoj"]
[Date "2024.05.16"]
[Round "7"]
[White "Tandrup, Michael"]
[Black "Eriksson, Rune"]
[Result "1-0"]
[WhiteElo "1924"]
[BlackElo "1993"]
[WhiteFideId "1408356"]
[BlackFideId "1473573"]
[EventDate "2024.03.27"]
[EventType "tourn"]
[EventRounds "9"]
[EventCountry "DEN"]
[SourceTitle "Bronshoj Skakforening"]

1. c4 e5 2. e4 Nf6 3. Nc3 Nc6 4. g3 Bc5 5. d3 d6 6. Be3 Nd4 7. h3 O-O 8. Bg2 c6
9. Nge2 Nxe2 10. Qxe2 Be6 11. O-O Nd7 12. Rab1 a5 13. Kh2 f6 14. f4 Qc7 15. f5
Bf7 16. g4 Bxe3 17. Qxe3 Qb6 18. Qg3 g5 19. Qf3 Kg7 20. Kg3 h5 21. Qf2 Qd4 22.
Rbd1 hxg4 23. hxg4 Rab8 24. Qd2 b5 25. Ne2 Qb6 26. b3 Rh8 27. Ng1 c5 28. Nf3
Qd8 29. Rh1 Rxh1 30. Rxh1 b4 31. Bf1 Nb6 32. Qh2 Qh8 33. Qg2 Qg8 34. Be2 a4 35.
Bd1 axb3 36. Bxb3 Ra8 37. Qd2 Kf8 38. Rh6 Ke7 39. Qh2 Nd7 40. Nd2 Nf8 41. Nf1
Qg7 42. Kf3 Kd7 43. Rh3 Kc6 44. Qc2 Kb6 45. Ne3 Nd7 46. Ba4 Nf8 47. a3 Bg8 48.
axb4 cxb4 49. Qb3 Kc5 50. Nc2 Rb8 51. Qb2 Qa7 52. Bb3 Kc6 53. Rh1 Qc5 54. Ba4+
Kc7 55. Bb5 Rxb5 56. cxb5 b3 57. Ne3 Qxb5 58. Rh8 Nd7 59. Rxg8 Nc5 60. Rg7+ Kb8
61. Qa3 Nb7 62. Qb2 Qxd3 63. Rf7 Nc5 64. Rf8+ Kb7 65. Rf7+ Kc6 66. Qa3 Qxe4+
67. Kf2 b2 68. Qa8+ Kb6 69. Qb8+ Ka5 70. Ra7+ Na6 71. Qc7+ Kb5 72. Qb7+  1-0

[Event "Bronshoj Mesterskabet 2024"]
[Site "Bronshoj"]
[Date "2024.05.16"]
[Round "7"]
[White "Nielsen Refs, Karl Emil Elmer"]
[Black "Jensen, Thore Nyboe"]
[Result "1/2-1/2"]
[WhiteElo "2067"]
[BlackElo "2015"]
[WhiteFideId "1452797"]
[BlackFideId "1405349"]
[EventDate "2024.03.27"]
[EventType "tourn"]
[EventRounds "9"]
[EventCountry "DEN"]
[SourceTitle "Bronshoj Skakforening"]

1. d4 Nf6 2. c4 e6 3. Nc3 d5 4. cxd5 exd5 5. Bg5 Be7 6. e3 Nbd7 7. Bd3 Nf8 8.
Nge2 Ng6 9. Qc2 c6 10. O-O O-O 11. Rad1 Re8 12. f3 Nh5 13. Bxe7 Rxe7 14. e4
Nhf4 15. Nxf4 Nxf4 16. exd5 Nxd3 17. Qxd3 cxd5 18. Rfe1 Be6 19. b4 Rc8 20. Na4
b6 21. Rc1 Rec7 22. Qd2 Qf6 23. Rxc7 Rxc7 24. Nb2 h6 25. Re3 Qf5 26. Rd3 Qg6
27. Nd1 Bf5 28. Rc3 Re7 29. Ne3 Qe6 30. a3 h5 31. Qf2 Bg6 32. Qh4 f6 33. Kf2
Bf7 34. Qf4 Bg6 35. Rc7 Bf7 36. Rc3 Bg6 37. Qb8+ Kh7 38. Qc8 Qxc8 39. Rxc8 Rd7
40. Ke2 Bf7 41. Nd1 Kg6 42. Nc3 Kf5 43. Nb5 a6 44. Rc7 Be8 45. Rxd7 Bxd7 46.
Nc3 Ke6 47. Ke3 g5 48. g3 Bc6 49. Kf2 Bd7 50. Ke3 Bc6 51. h4 Be8 52. Kf2 Kd6
53. Kg2 Bd7 54. Kh2 Kc6 55. Kg1 Kd6 56. Kh2 Kc6 57. Kg1 Kd6 58. Kf1 Bh3+ 59.
Ke2 Bd7 60. f4 gxh4 61. gxh4 Bg4+ 62. Ke3 Bd7 63. Ne2 Bg4 64. Nc3 Kc6 65. Kd3
Bf5+ 66. Kd2 Bg4 67. a4 Bd7 68. b5+ axb5 69. axb5+ Kd6 70. Ke3 Bg4  1/2-1/2

[Event "Bronshoj Mesterskabet 2024"]
[Site "Bronshoj"]
[Date "2024.05.23"]
[Round "8"]
[White "Jarlskov, Daniel Tuk Hartso"]
[Black "Nielsen Refs, Karl Emil Elmer"]
[Result "0-1"]
[WhiteElo "2130"]
[BlackElo "2067"]
[WhiteFideId "1463896"]
[BlackFideId "1452797"]
[EventDate "2024.03.27"]
[EventType "tourn"]
[EventRounds "9"]
[EventCountry "DEN"]
[SourceTitle "Bronshoj Skakforening"]

1. d4 Nf6 2. c4 e6 3. Nf3 d5 4. g3 Bb4+ 5. Bd2 a5 6. Bg2 O-O 7. O-O dxc4 8. Qc2
Bxd2 9. Nbxd2 b5 10. a4 c6 11. b3 c3 12. Qxc3 b4 13. Qc2 Ba6 14. Ne4 Nbd7 15.
Ne5 Nxe5 16. dxe5 Nd5 17. Qxc6 Bxe2 18. Rfe1 Bd3 19. Nd6 Ra6 20. Qc5 Nc3 21.
Qe3 Bc2 22. Ne4 Bxe4 23. Bxe4 Qe7 24. Bxh7+ Kh8 25. Bd3 Ra7 26. Qf3 Qg5 27. h4
Qh6 28. Kg2 Rd8 29. Re3 Rad7 30. Bc2 Kg8 31. Rh1 Rd2 32. Rd3 Rd5 33. Rxd5 Rxd5
34. h5 Qd2 35. Bb1 Qe2 36. Qxe2 Nxe2 37. Re1 Nc3 38. Be4 Rd2 39. Re3 Rb2 40.
Kf3 Rxb3 41. Rd3 Nxe4 42. Kxe4 Rxd3 43. Kxd3 g6 44. hxg6 fxg6 45. g4 g5 46. Kd4
Kf7 47. Kd3 Ke7 48. Kd4 Kd7 49. Kd3 Kc7 50. Kd4 Kc6 51. Kc4 Kb6 52. Kd4 b3 53.
Kc3 Kc5 54. Kxb3 Kd4 55. f3 Kd3 56. f4 gxf4 57. g5 f3 58. g6 f2 59. g7 f1=Q 60.
g8=Q Qb1+ 61. Ka3 Qb4+ 62. Ka2 Qxa4+ 63. Kb2 Qb4+ 64. Ka2 Qa4+ 65. Kb2 Qb5+ 66.
Ka3 Kc3 67. Qg3+ Qd3 68. Qf4 Qd4 69. Qc1+ Kd3 70. Qb1+ Ke3 71. Qe1+ Kf4 72.
Qh4+ Kxe5 73. Qg5+ Ke4 74. Qxa5 Qa1+  0-1

[Event "Bronshoj Mesterskabet 2024"]
[Site "Bronshoj"]
[Date "2024.05.23"]
[Round "8"]
[White "Steenstrup, Svend"]
[Black "Petersen, Nils"]
[Result "1-0"]
[WhiteElo "1959"]
[BlackElo "1941"]
[WhiteFideId "1409182"]
[BlackFideId "1403346"]
[EventDate "2024.03.27"]
[EventType "tourn"]
[EventRounds "9"]
[EventCountry "DEN"]
[SourceTitle "Bronshoj Skakforening"]

1. d4 Nf6 2. c4 e6 3. g3 Bb4+ 4. Nd2 d5 5. Bg2 O-O 6. Ngf3 c5 7. O-O cxd4 8.
cxd5 exd5 9. Nxd4 Nc6 10. N2f3 h6 11. a3 Bd6 12. b4 a6 13. Bb2 Bd7 14. Rc1 Qe7
15. Nh4 Nxd4 16. Qxd4 Be6 17. Rfd1 Rfd8 18. Qb6 Nd7 19. Qxb7 Rdb8 20. Qc6 Be5
21. Bxe5 Nxe5 22. Qc7 Qxc7 23. Rxc7 Nc4 24. e4 Rc8 25. Rxc8+ Bxc8 26. exd5 Nxa3
27. d6 Ra7 28. Bd5 Nb5 29. Bc4 Kf8 30. Nf3 Bg4 31. Kg2 Rd7 32. Bxb5 axb5 33.
Ne5 Bxd1 34. Nxd7+ Ke8 35. Nc5 Bg4 36. f3 Bd7 37. Kf2 Bc6 38. Ke3 f5 39. f4 Kf7
40. Kd4 Kf6 41. Nd3 g5 42. Kc5 Be4 43. d7 Ke7 44. Ne5 gxf4 45. gxf4 h5 46. h4
Bg2 47. Kxb5 Kd8 48. Kb6 Bf3  1-0

[Event "Bronshoj Mesterskabet 2024"]
[Site "Bronshoj"]
[Date "2024.05.23"]
[Round "8"]
[White "Nielsen, John Holm"]
[Black "Nielsen, Thomas"]
[Result "1/2-1/2"]
[WhiteElo "2015"]
[BlackElo "1941"]
[WhiteFideId "1406256"]
[BlackFideId "1407147"]
[EventDate "2024.03.27"]
[EventType "tourn"]
[EventRounds "9"]
[EventCountry "DEN"]
[SourceTitle "Bronshoj Skakforening"]

1. Nc3 c5 2. Nf3 Nf6 3. e4 d6 4. e5 Ng4 5. exd6 exd6 6. Bb5+ Bd7 7. Qe2+ Qe7 8.
O-O Qxe2 9. Bxe2 Nc6 10. d4 O-O-O 11. h3 cxd4 12. Nb5 Nge5 13. Nbxd4 f6 14. Be3
Kb8 15. c4 g5 16. Rfd1 Be7 17. a3 h5 18. Nxc6+ Bxc6 19. Nd4 Bd7 20. Nb5 a6 21.
Nxd6 Ba4 22. b3 Bxb3 23. Rab1 Bxd1 24. Rxb7+ Ka8 25. Ra7+  1/2-1/2

[Event "Bronshoj Mesterskabet 2024"]
[Site "Bronshoj"]
[Date "2024.05.23"]
[Round "8"]
[White "Tandrup, Michael"]
[Black "Petersen, Steen Brustrup"]
[Result "1/2-1/2"]
[WhiteElo "1924"]
[BlackElo "2091"]
[WhiteFideId "1408356"]
[BlackFideId "1402706"]
[EventDate "2024.03.27"]
[EventType "tourn"]
[EventRounds "9"]
[EventCountry "DEN"]
[SourceTitle "Bronshoj Skakforening"]

1. d4 Nf6 2. Nf3 g6 3. c4 Bg7 4. Nc3 O-O 5. e4 d6 6. Be2 Nbd7 7. O-O e5 8. dxe5
dxe5 9. Qc2 c6 10. h3 Re8 11. Be3 Qe7 12. Rad1 Nc5 13. b4 Ne6 14. c5 Nd7 15.
Bc4 Ndf8 16. Ne2 a5 17. a3 h6 18. Rd6 axb4 19. axb4 g5 20. Ng3  1/2-1/2

[Event "Bronshoj Mesterskabet 2024"]
[Site "Bronshoj"]
[Date "2024.05.23"]
[Round "8"]
[White "Eriksson, Rune"]
[Black "Jensen, Thore Nyboe"]
[Result "0-1"]
[WhiteElo "1993"]
[BlackElo "2015"]
[WhiteFideId "1473573"]
[BlackFideId "1405349"]
[EventDate "2024.03.27"]
[EventType "tourn"]
[EventRounds "9"]
[EventCountry "DEN"]
[SourceTitle "Bronshoj Skakforening"]

1. d4 Nf6 2. g3 d5 3. Bg2 c6 4. Nd2 Bf5 5. Nh3 Qc8 6. Nf4 g5 7. Nd3 g4 8. O-O
h5 9. e4 Nxe4 10. Nxe4 Bxe4 11. Bxe4 dxe4 12. Nc5 f5 13. d5 Nd7 14. Ne6 Ne5 15.
Bf4 Nf3+ 16. Kg2 Kf7 17. c4 Bh6 18. Qc1 cxd5 19. cxd5 Qxc1 20. Raxc1 Bxf4 21.
Nxf4 h4 22. Rfd1 h3+ 23. Kf1 Rac8 24. Ke2 Nxh2 25. Ke3 Nf3 26. a4 h2  0-1

[Event "Bronshoj Mesterskabet 2024"]
[Site "Bronshoj"]
[Date "2024.06.06"]
[Round "9"]
[White "Jensen, Thore Nyboe"]
[Black "Jarlskov, Daniel Tuk Hartso"]
[Result "1-0"]
[WhiteElo "2015"]
[BlackElo "2130"]
[WhiteFideId "1405349"]
[BlackFideId "1463896"]
[EventDate "2024.03.27"]
[EventType "tourn"]
[EventRounds "9"]
[EventCountry "DEN"]
[SourceTitle "Bronshoj Skakforening"]

1. d4 d5 2. c4 e6 3. Nc3 c5 4. e3 cxd4 5. exd4 Nc6 6. Nf3 Nf6 7. a3 Be7 8. Bf4
O-O 9. Rc1 a6 10. c5 Ne4 11. Bd3 Nxc3 12. Rxc3 Bf6 13. O-O g6 14. Bb1 Nxd4 15.
Nxd4 e5 16. Be3 exd4 17. Bxd4 Be6 18. f4 Bxd4+ 19. Qxd4 f5 20. Ba2 Qd7 21. Re1
Bf7 22. Re5 Rad8 23. Rd3 Rfe8 24. Rxd5 Bxd5 25. Bxd5+ Qxd5 26. Qxd5+ Rxd5 27.
Rxd5 Re2 28. b4 Re3 29. Rd7 Rxa3 30. Rxb7 Rc3 31. Kf2 Kf8 32. Rxh7 Rc4 33. Rb7
Rxf4+ 34. Ke3 Rg4 35. Kd3 Ke8 36. c6 Kd8 37. g3 f4 38. gxf4 Rxf4 39. Kc3 Rh4
40. Ra7 Rxh2 41. Rxa6 Kc7 42. b5 Rh1 43. Ra7+ Kb8 44. Rg7 g5 45. Kb4 g4 46. Kc5
Rh5+ 47. Kb6 Rh8 48. Rb7+ Ka8 49. Ra7+ Kb8 50. c7+  1-0

[Event "Bronshoj Mesterskabet 2024"]
[Site "Bronshoj"]
[Date "2024.06.06"]
[Round "9"]
[White "Nielsen Refs, Karl Emil Elmer"]
[Black "Steenstrup, Svend"]
[Result "1-0"]
[WhiteElo "2067"]
[BlackElo "1959"]
[WhiteFideId "1452797"]
[BlackFideId "1409182"]
[EventDate "2024.03.27"]
[EventType "tourn"]
[EventRounds "9"]
[EventCountry "DEN"]
[SourceTitle "Bronshoj Skakforening"]

1. d4 e6 2. c4 d5 3. Nc3 c6 4. e4 dxe4 5. Nxe4 Bb4+ 6. Bd2 Qxd4 7. Bxb4 Qxe4+
8. Be2 Na6 9. Bd6 Ne7 10. Qd2 Bd7 11. O-O-O Rd8 12. Nf3 c5 13. Qg5 Nf5 14. Bd3
f6 15. Qh5+ g6 16. Bxe4 gxh5 17. Bxf5 exf5 18. Rhe1+ Kf7 19. Re7+ Kg6 20. Bf4
 1-0

[Event "Bronshoj Mesterskabet 2024"]
[Site "Bronshoj"]
[Date "2024.06.06"]
[Round "9"]
[White "Petersen, Nils"]
[Black "Nielsen, John Holm"]
[Result "1/2-1/2"]
[WhiteElo "1941"]
[BlackElo "2015"]
[WhiteFideId "1403346"]
[BlackFideId "1406256"]
[EventDate "2024.03.27"]
[EventType "tourn"]
[EventRounds "9"]
[EventCountry "DEN"]
[SourceTitle "Bronshoj Skakforening"]

1. c4 c5 2. g3 Nf6 3. Bg2 d5 4. cxd5 Nxd5 5. Nc3 Nc7 6. Nf3 Nc6 7. O-O e5 8. a3
Be7 9. b4 Be6 10. bxc5 Bxc5 11. Rb1 Rb8 12. Qa4 Bd7 13. Qc4 Qe7 14. e3 Bf5 15.
e4 Bg6 16. Nh4 O-O 17. Nxg6 hxg6 18. Nd5 Nxd5 19. exd5 Nd4 20. Bb2 Bxa3 21.
Bxd4 exd4 22. Qxd4 Bc5 23. d6 Qxd6 24. Qxd6 Bxd6 25. Rxb7 Rxb7 26. Bxb7 Rb8 27.
Ba6 Bc5  1/2-1/2

[Event "Bronshoj Mesterskabet 2024"]
[Site "Bronshoj"]
[Date "2024.06.06"]
[Round "9"]
[White "Petersen, Steen Brustrup"]
[Black "Eriksson, Rune"]
[Result "1-0"]
[WhiteElo "2091"]
[BlackElo "1993"]
[WhiteFideId "1402706"]
[BlackFideId "1473573"]
[EventDate "2024.03.27"]
[EventType "tourn"]
[EventRounds "9"]
[EventCountry "DEN"]
[SourceTitle "Bronshoj Skakforening"]

1. Nf3 Nf6 2. c4 d6 3. d4 c6 4. Nc3 g6 5. e4 Bg7 6. Be2 Qc7 7. O-O e5 8. d5 c5
9. Ne1 O-O 10. Bg5 h6 11. Be3 Qe7 12. a3 Na6 13. Nd3 Nd7 14. f3 f5 15. b4 b6
16. Qb3 Kh7 17. Nb5 Nf6 18. Nf2 f4 19. Bd2 Nd7 20. Nd3 g5 21. g4 fxg3 22. hxg3
Nf6 23. g4 Kg6 24. Nf2 Rh8 25. Qe3 Ne8 26. Kg2 Bf6 27. Rh1 Ng7 28. Rab1 h5 29.
Nc3 h4 30. Nh3 Ne8 31. Qd3 Kf7 32. Nd1 Nb8 33. Ne3 Nd7 34. Nf5 Qd8 35. Qe3 Kg6
36. Bd1 Nf8 37. Ba4 Nh7 38. Bxe8+ Rxe8 39. Nxh4+ Kf7 40. Nf5 Ba6 41. b5 Bc8 42.
a4 a6 43. a5 bxa5 44. b6 Bb7 45. Ng1 Kg8 46. Ne2 Rb8 47. Rh6 Bc8 48. Bxa5 Rb7
49. Rbh1 Rf8 50. Qg1 Rff7 51. Qh2 Bxf5 52. gxf5 Qe8 53. Nc3 Qf8 54. Qh5 Rg7 55.
Rg6 Qf7 56. Qxh7+  1-0